MARC

LEADER 00000naa2a2200000 4500
001 635684
005 20231101133856.0
035 |a (RuTPU)RU\TPU\conf\37541 
035 |a RU\TPU\conf\37540 
090 |a 635684 
100 |a 20230524d2022 k y0rusy50 ca 
101 0 |a rus 
102 |a RU 
105 |a y z 101zy 
135 |a drcn ---uucaa 
181 0 |a i  
182 0 |a b 
200 1 |a Моделирование газификации твердого топлива в высокотемпературной среде окислителя  |f А. Э. Новиков  |g науч. рук. А. Н. Субботин 
203 |a Текст  |c электронный 
225 1 |a Теплофизические аспекты энергетических технологий 
230 |a 1 компьютерный файл (pdf; 128 Kb) 
300 |a Заглавие с экрана 
320 |a [Библиогр.: с. 134 (5 назв.)] 
463 0 |0 (RuTPU)RU\TPU\conf\37517  |t Бутаковские чтения  |o материалы II Всероссийской с международным участием молодежной конференции, 13-15 декабря 2022 г., Томск  |f Национальный исследовательский Томский политехнический университет ; ред. кол. А. С. Заворин, А. С. Матвеев, С. Г. Обухов [и др.]  |v [С. 132-134]  |d 2022 
610 1 |a электронный ресурс 
610 1 |a труды учёных ТПУ 
610 1 |a моделирование 
610 1 |a газификация 
610 1 |a твердые топлива 
610 1 |a высокотемпературные среды 
610 1 |a окислители 
610 1 |a математические модели 
700 1 |a Новиков  |b А. Э. 
702 1 |a Субботин  |b А. Н.  |c специалист в области теплотехники  |c доцент Томского политехнического университета, доктор физико-математических наук  |f 1945-  |g Александр Николаевич  |2 stltpush  |4 727 
712 0 2 |a Национальный исследовательский Томский политехнический университет  |b Инженерная школа энергетики  |b Научно-образовательный центр И. Н. Бутакова (НОЦ И. Н. Бутакова)  |h 8025  |2 stltpush  |3 (RuTPU)RU\TPU\col\23504 
801 2 |a RU  |b 63413507  |c 20230615  |g RCR 
856 4 |u http://earchive.tpu.ru/handle/11683/75988 
942 |c BK